Les capitales de l'Amérique. - Statistiques

Statistiques générales
  • Ce quiz a été pris 323 fois
  • Le résultat moyen est 9 sur 10
Answers on the Grid
Answers color-coded by a green-red scale on the quiz's grid according to % correct below.
Asuncion
Bogota
Brasilia
Buenos Aires
Lima
Kingstown
Mexico
La Paz
Ottawa
Washington
Lisbonne
Madrid
Paris
Tokyo
New Dehli
London
Bamako
Alger
Tripoli
Moscou
Pékin
 
Statistiques - réponses
Réponse % Correct
Buenos Aires
96%
Mexico
96%
Brasilia
95%
Washington
94%
Lima
92%
Bogota
91%
La Paz
91%
Asuncion
88%
Ottawa
88%
Kingstown
83%
Aucun quiz correspondant
Distribution des résultats
% des personnes avec chaque résultat
Percentile par nombre de réponses
Votre historique - résultats
Vous n’avez pas pris ce quiz